| 000 | 01356nmc a2200469 a 4500 | ||
|---|---|---|---|
| 003 | AR-BaBNM | ||
| 005 | 20251128202758.0 | ||
| 008 | 197019s1980 ||||||||||||||000 | spa|| | ||
| 040 | _cAR-BaBNM | ||
| 100 | 1 | _aArrieta, Rafael Alberto | |
| 245 | 1 | 0 | _aLa literatura argentina y sus vínculos con España |
| 260 |
_aBuenos Aires _bLibrería y Editorial Uruguay _c1980 |
||
| 300 | 0 | _a205 p. | |
| 490 | 0 | _aArgirópolis | |
| 600 | 1 | 4 |
_aEcheverría, Esteban _d1805-1851 |
| 600 | 1 | 4 | _aMora, José Joaquín de |
| 600 | 1 | 4 |
_aAngelis, Pedro de _d1784-1859 |
| 600 | 1 | 4 |
_aSarmiento, Domingo Faustino _d1868-1874 |
| 600 | 1 | 4 |
_aBello, Andrés _d1781-1865 |
| 600 | 1 | 4 |
_aMármol, José _d1817-1871 |
| 600 | 1 | 4 | _aMitre, Bartolomé |
| 600 | 1 | 4 |
_aGutiérrez, Juan María _d1809-1878 |
| 600 | 1 | 4 | _aAlberdi, Juan Bautista |
| 600 | 1 | 4 | _aHernández, José |
| 600 | 1 | 4 | _aDarío, Rubén |
| 600 | 1 | 4 | _aLarreta, Enrique |
| 650 | 4 | _aROMANTICISMO | |
| 650 | 4 | _aLITERATURA ARGENTINA | |
| 650 | 4 | _aHISTORIA ARGENTINA | |
| 650 | 4 | _aCRITICA LITERARIA | |
| 650 | 4 | _aHISTORIA LITERARIA | |
| 650 | 4 | _aLITERATURA ESPANOLA | |
| 650 | 4 | _aSIGLO DIECINUEVE | |
| 650 | 4 | _aCULTURAS LITERARIAS | |
| 650 | 4 | _aESCRITORES | |
| 653 | 0 | _aNEOCLASICISMO | |
| 653 | 0 | _aMODERNISMO | |
| 653 | 0 | _aDECADENTISMO | |
| 655 | _aLITERATURA | ||
| 942 | _cBK | ||
| 998 | _cMARTIN | ||
| 999 |
_c528 _d528 |
||